| 000 | 00657nam a2200265Ia 4500 | ||
|---|---|---|---|
| 003 | OSt | ||
| 005 | 20221007104754.0 | ||
| 006 | a|||||r|||| 00| 0 | ||
| 007 | ta | ||
| 008 | 221006b |||||||| |||| 00| 0 eng d | ||
| 024 | _a16,752 | ||
| 037 | _cTextual | ||
| 040 |
_aLCO _cLCO _beng |
||
| 041 |
_2eng _aeng |
||
| 082 | _aZ2,5, M1 | ||
| 100 |
_aPrem Daulat Ram _9682875 |
||
| 245 | 0 | _aCriminal Practice | |
| 250 | _a7th | ||
| 260 |
_aJodhpur _bRajasthan Law House India _c1981 |
||
| 300 | _a834 | ||
| 490 | _vVol - 11 | ||
| 650 | _aCRIMINAL | ||
| 942 |
_hZ2,5, M1 _cTEXL |
||
| 999 |
_c1186315 _d1186315 |
||